000 00823nam a2200121Ia 4500
008 220620s9999||||xx |||||||||||||| ||und||
245 0 _aHealthcare as a Human Rights Issue
_bNormative Profile, Conflicts and Implementation
546 _aEnglish[eng]
650 _aSociology||Human Rights in Medicine||The Right to Health||Global Health||Medical Ethics||Medicine||Human||Law||Sociology of Medicine||Sociology||HIV||International Covenant on Economic||Social and Cultural Rights||World Health Organization
700 _aKlotz, Sabine||Bielefeldt, Heiner||Schmidhuber, Martina||Frewer, Andreas
856 _uhttps://library.oapen.org/bitstream/20.500.12657/30423/1/646439.pdf||https://library.oapen.org/bitstream/20.500.12657/30423/1/646439.pdf||https://library.oapen.org/bitstream/20.500.12657/30423/1/646439.pdf
942 _cEB
999 _c27581
_d27581